000 00408nam a22001457a 4500
020 _a9789332584747
040 _cNUST
082 _a620.1 HUB
100 _aHibbeler, R.C
_91019
245 _aEngineering Mechanics :Statics and Dynamics,
_b In SI Units
250 _a14TH
260 _aINDIA:
_b PEARSON EDUCATION:
_c2017.
650 _aEngineering Mechanics :Statics and Dynamics
_963421
942 _2ddc
_cBK
999 _c586664
_d586664